[Event "DEN-ch Blitz"]
[Site "Snekkersten"]
[Date "2024.09.01"]
[Round "4"]
[White "Meskenas, Paulius"]
[Black "Saugmann, Frederik Chabert"]
[Result "0-1"]
[WhiteElo "2216"]
[BlackElo "1927"]
[PlyCount "45"]
[EventDate "2024.09.01"]
[EventType "swiss (blitz)"]
[EventRounds "13"]
[EventCountry "DEN"]
[SourceTitle "CBM 221 Extra"]
[Source "ChessBase"]
[SourceDate "2024.09.30"]
[SourceVersion "1"]
[SourceVersionDate "2024.09.30"]
[SourceQuality "1"]

1. e4 e5 2. Nf3 Nc6 3. d4 exd4 4. Nxd4 Nf6 5. Nxc6 bxc6 6. e5 Nd5 7. c4 Bb4+ 8. Bd2 Bxd2+ 9. Qxd2 Nb6 10. Nc3 0-0 11. 0-0-0 Qe7 12. f4 a5 13. Qd4 c5 14. Qe4 f5 15. exf6 Qxf6 16. Nd5 Qe6 17. Bd3 Qxe4 18. Bxe4 Ra7 19. Rhe1 Nxc4 20. Ne7+ Kh8 21. Bd5 Nd6 22. Rd3 g6 23. Rh3 0-1

[Event "DEN-ch Blitz"]
[Site "Snekkersten"]
[Date "2024.09.01"]
[Round "12"]
[White "Nilssen, Ellen Fredericia"]
[Black "Saugmann, Frederik Chabert"]
[Result "1-0"]
[WhiteElo "2182"]
[BlackElo "1927"]
[PlyCount "85"]
[EventDate "2024.09.01"]
[EventType "swiss (blitz)"]
[EventRounds "13"]
[EventCountry "DEN"]
[SourceTitle "CBM 221 Extra"]
[Source "ChessBase"]
[SourceDate "2024.09.30"]
[SourceVersion "1"]
[SourceVersionDate "2024.09.30"]
[SourceQuality "1"]

1. d4 d5 2. c4 c6 3. cxd5 cxd5 4. Nc3 Nf6 5. Nf3 Nc6 6. Bf4 a6 7. e3 Bf5 8. Be2 e6 9. Qb3 Na5 10. Qa4+ Nc6 11. Ne5 Rc8 12. Bxa6 bxa6 13. Nxc6 Qd7 14. Ne5 Qxa4 15. Nxa4 Bb4+ 16. Nc3 Rxc3 17. bxc3 Bxc3+ 18. Ke2 Bxa1 19. Rxa1 0-0 20. Rc1 Rb8 21. Nd3 Bxd3+ 22. Kxd3 Ra8 23. f3 Kf8 24. Rc6 Ke8 25. e4 dxe4+ 26. fxe4 Nh5 27. Bd2 Kd7 28. Rb6 Ra7 29. Ba5 Nf4+ 30. Kc4 Nxg2 31. Rb8 Ne3+ 32. Kc5 g6 33. d5 exd5 34. exd5 Nf5 35. Bb6 Rc7+ 36. Bxc7 Kxc7 37. Rf8 Nd6 38. Ra8 Nb7+ 39. Kd4 Kb6 40. Ke5 a5 41. d6 Kc6 42. Rc8+ Kb6 43. d7 1-0

[Event "DEN-ch Blitz"]
[Site "Snekkersten"]
[Date "2024.09.01"]
[Round "3"]
[White "Saugmann, Frederik Chabert"]
[Black "Jepson, Christian"]
[Result "1/2-1/2"]
[WhiteElo "1927"]
[BlackElo "2400"]
[PlyCount "167"]
[EventDate "2024.09.01"]
[EventType "swiss (blitz)"]
[EventRounds "13"]
[EventCountry "DEN"]
[SourceTitle "CBM 221 Extra"]
[Source "ChessBase"]
[SourceDate "2024.09.30"]
[SourceVersion "1"]
[SourceVersionDate "2024.09.30"]
[SourceQuality "1"]

1. d4 Nf6 2. c4 c5 3. d5 g6 4. Nc3 Bg7 5. e4 d6 6. Bd3 0-0 7. h3 e6 8. Nf3 Nbd7 9. 0-0 e5 10. Nh2 Kh8 11. Be3 Ng8 12. g4 Bh6 13. Qd2 Bxe3 14. Qxe3 Qe7 15. Ne2 a6 16. a4 b6 17. Ng3 Rb8 18. Nf3 Ndf6 19. Kg2 Bd7 20. b3 Ra8 21. Ra2 Rfb8 22. Nd2 Ne8 23. Rfa1 Nc7 24. f3 f6 25. Kh2 Qf8 26. Kg2 Qh6 27. Kf2 Qxe3+ 28. Kxe3 Kg7 29. h4 Ne7 30. h5 Rf8 31. hxg6 hxg6 32. Rh1 Rh8 33. Raa1 Rxh1 34. Rxh1 b5 35. axb5 axb5 36. Ne2 b4 37. Rg1 Ra3 38. f4 exf4+ 39. Nxf4 Ng8 40. g5 Ne7 41. gxf6+ Kxf6 42. Rf1 Kg7 43. Rg1 Ne8 44. e5 dxe5 45. Nxg6 Nxg6 46. Bxg6 Kf6 47. Be4 Nd6 48. Rg6+ Ke7 49. Rg7+ Kd8 50. Rg8+ Ke7 51. Rg7+ Ke8 52. Rg8+ Kf7 53. Rd8 Ke7 54. Rh8 Ra1 55. Rh7+ Kd8 56. Rh2 Re1+ 57. Re2 Rg1 58. Rf2 Re1+ 59. Re2 Rg1 60. Rf2 Ke7 61. Kd3 Rg3+ 62. Rf3 Rxf3+ 63. Nxf3 Kf6 64. Ke3 Bf5 65. Bxf5 Nxf5+ 66. Ke4 Nd6+ 67. Ke3 Kf5 68. Nh4+ Kg4 69. Ng2 Nf5+ 70. Ke4 Nd4 71. Ne3+ Kg5 72. Kxe5 Nxb3 73. d6 Na5 74. d7 Nb7 75. Nd1 b3 76. Kd5 Kf6 77. Kc6 Nd8+ 78. Kxc5 Ke7 79. Kb4 Kxd7 80. Kxb3 Nc6 81. Kc3 Na5 82. c5 Nb7 83. Kc4 Nxc5 84. Kxc5 1/2-1/2